Представление документа в формате MARC21

Поле Инд. ПП Название Значение
Тип записи a
Библиографический уровень m
001 Контрольный номер RU/IS/BASE/264545752
005 Дата корректировки 20250410124330.3
008 Кодируемые данные 19971020
040 00 e Правила каталог. Т 971020
084 a Индекс другой классификации/Индекс ББК 84(2=411.2)6; 84(2=411.2)6-44; 84(2=411.2)6-46
090 00 a Полочн. индекс 84(2=411.2)6
x Авторский знак Л 793
097 00 a 210
100 10 a Автор Лоскутов М. П.
q Полное имя Лоскутов Михаил Петрович
245 00 a Заглавие Немного в сторону
b Продолж. заглавия рассказы: очерки
c Ответственность редактор А. А. Елшина; художник Т. М. Лоскутова
260 00 a Место издания Москва
b Издательство Советский писатель
c Дата издания 1971
300 00 a Объем 316 с.
b Иллюстрации/ тип воспроизводства портр.
336 a Термин вида содержания Текст
337 a Термин типа средства непосредственный
505 a Форматированное содержание Портрет скрипичного мастера
505 0_ a Форматированное содержание Укротитель
505 0_ a Форматированное содержание Рассказы о пробке
505 0_ a Форматированное содержание Гражданин Французской революции
505 0_ a Форматированное содержание Немного в сторону
505 0_ a Форматированное содержание Тени корсаров
505 0_ a Форматированное содержание Волшебная палочка
505 0_ a Форматированное содержание Рассказ о говорящей собаке
505 0_ a Форматированное содержание Среднее образование
505 0_ a Форматированное содержание Белый слон
505 0_ a Форматированное содержание Психрометр Асмана
505 0_ a Форматированное содержание Очки
505 0_ a Форматированное содержание Рассказ о молодости
505 0_ a Форматированное содержание Ишан и стекольщик
505 0_ a Форматированное содержание Жажда
650 a Основная рубрика художественная литература
653 00 a Ключевые слова XX век
a Ключевые слова Россия
a Ключевые слова русская литература
655 00 a Жанр/ форма (устаревшее) проза
a Жанр/ форма (устаревшее) очерк
a Жанр/ форма (устаревшее) рассказ
700 a Автор Елшина А. А.
e Роль лиц редактор
700 1_ a Автор Лоскутова Т. М.
e Роль лиц художник
901 t Тип документа m
952 a Тип литературы для КСУ ВШ ЛХИ